000 02978cam a2200361 4500500
005 20260322013233.0
041 _afre
042 _adc
100 1 0 _aKorkina, Elena
_eauthor
245 0 0 _a“I’m Already Tired of Living in a Historical Moment”
260 _c2025.
500 _a16
520 _aThe article is devoted to the crisis temporality in the first months of 2022 and Russians’ experience of living through this time. It analyzes how informants, not in the space of active military actions, are included in the war event, and experience uncertainty and fear in the present and for the future. Their speaking about time is examined as a tool of orientation in crisis temporality. Along with the description of reactions to the outbreak of war, prolonged time breakdowns and practices for coping with them, the key tasks and tools of state chronopolitics are examined, as well as its role in producing crisis and shifting attention from war to uncertainty and anticipation of a catastrophic future.
520 _aL’article est consacré à la temporalité de la crise dans les premiers mois de la guerre de la Russie contre l’Ukraine et à la façon dont les Russes ont vécu cette période. Il analyse la situation dans laquelle les enquêtés, qui ne se trouvent pas sur le théâtre des opérations militaires, sont impliqués dans l’événement de la guerre et vivent dans l’incertitude et la peur du présent et de l’avenir. Leur discours sur le temps est envisagé comme un outil d’orientation dans une temporalité de crise. Parallèlement à la description des réactions au déclenchement de la guerre, des ruptures temporelles et des pratiques d’adaptation, l’article examine les instruments de la politique de temporalité de l’État, définie comme la synchronisation de multiples temporalités et expériences temporelles, ainsi que son rôle dans la production de la crise et dans le déplacement de l’attention de la guerre vers l’incertitude et l’anticipation d’un avenir catastrophique. En conclusion, l’auteur suggère l’émergence d’un régime politique de temporalité propre à l’« opération militaire spéciale ».
690 _achronopolitique
690 _aÉtat russe
690 _aguerre de 2022 contre l’Ukraine
690 _apolitique du temps
690 _aRussie contemporaine
690 _asociété russe
690 _atemporalité de crise
690 _atemporalités
690 _a2022 war against Ukraine
690 _achronopolitics
690 _acontemporary Russia
690 _acrisis temporality
690 _apolitics of time
690 _aRussian society
690 _aRussian State
690 _atemporalities
786 0 _nRevue d’études comparatives Est-Ouest | 55 | 2 | 2025-07-09 | p. 33-64 | 0338-0599
856 4 1 _uhttps://shs.cairn.info/revue-revue-detudes-comparatives-est-ouest-2025-1-page-33?lang=en&redirect-ssocas=7080
999 _c1779153
_d1779153